| 000 | 03405nam0a2200445 4500 | ||
|---|---|---|---|
| 001 | RU\NLR\BIBL_A\012417351 | ||
| 005 | 20210125130923.0 | ||
| 010 |
_a978-5-94778-549-4 _950 |
||
| 021 |
_aRU _bКН-П-20-049493 _9КН-П-20-3741 |
||
| 035 | _a(NLR Aleph) 012417351 | ||
| 035 | _a(RuMoRGB)010404460 | ||
| 090 |
_a11806661 _c11806661 |
||
| 100 | _a20201207d2019 k y0rusy50 ca | ||
| 101 | 0 | _arus | |
| 102 | _aRU | ||
| 105 | _a z 100z | ||
| 181 | 0 |
_ai _baxxe |
|
| 182 | 0 | _an | |
| 200 | 1 |
_aПреемственность в непрерывной этнокультурной и этнохудожественной образовательной системе как условие сохранения традиций народного искусства _eматериалы Всероссийской научно-практической конференции с международным участием, посвященной памяти Т. Я. Шпикаловой _fФГБОУ ВО "Московский государственный институт культуры", Факультет государственной культурной политики, Кафедра народной культуры и декоративно-прикладного искусства _g[научный редактор и составитель: Н. Д. Булатова] |
|
| 203 |
_aТекст _bвизуальный _cнепосредственный |
||
| 210 |
_aМосква _cМГИК _d2019 |
||
| 215 |
_a267 с. _cил., табл. _d21 |
||
| 320 | _aБиблиогр. в конце ст. | ||
| 606 | 1 |
_aХудожественное образование _xЭтнокультурный подход _yРоссийская Федерация _jСъезды, совещания и т.п _2nlr_sh2 _3RU\NLR\AUTH\6601681424 |
|
| 606 | 1 |
_aДети _xВоспитание на народных традициях _jСъезды, совещания и т.п _2nlr_sh2 _3RU\NLR\AUTH\661540883 |
|
| 610 | 0 | _aнародная художественная культура | |
| 610 | 0 | _aэтнокультурное воспитание | |
| 610 | 0 | _aнародные традиции в воспитании | |
| 686 | 1 | _aЧ459.781.21я431 | |
| 686 | 1 | _aЧ313.52я431 | |
| 702 | 1 |
_aШпикалова _bТ. Я. _f1930-2017 _gТамара Яковлевна _4570 |
|
| 702 | 1 |
_aБулатова _bН. Д. _gНадежда Дмитриевна _4340 _4220 |
|
| 711 | 1 | 2 |
_a"Преемственность в непрерывной этнокультурной и этнохудожественной образовательной системе как условие сохранения традиций народного искусства", всероссийская научно-практическая конференции с международным участием _f2018 _eМосква _3RU\NLR\AUTH\880532283 |
| 712 | 0 | 2 |
_aМосковский государственный институт культуры _bКафедра народной художественной культуры и декоративно-прикладного искусства _3RU\NLR\AUTH\880532285 _4557 |
| 942 | _cBOOK | ||
| 980 | _aNBR | ||
| 980 | _aNB | ||